UM Logo

Art, media, design, and postproduction : (Record no. 23946)

MARC details
000 -LEADER
fixed length control field 00688nam a22001937a 4500
005 - DATE AND TIME OF LATEST TRANSACTION
control field 20251003093842.0
008 - FIXED-LENGTH DATA ELEMENTS--GENERAL INFORMATION
fixed length control field 251003b |||||||| |||| 00| 0 eng d
020 ## - INTERNATIONAL STANDARD BOOK NUMBER
International Standard Book Number 9781032510002
082 ## - DEWEY DECIMAL CLASSIFICATION NUMBER
Classification number DC 702.81 N228 2025
100 ## - MAIN ENTRY--PERSONAL NAME
Personal name Navas, Eduardo.
9 (RLIN) 68350
245 ## - TITLE STATEMENT
Title Art, media, design, and postproduction :
Remainder of title open guidelines on appropriation and remix /
Statement of responsibility, etc. Eduardo Navas.
250 ## - EDITION STATEMENT
Edition statement Second edition.
260 ## - PUBLICATION, DISTRIBUTION, ETC. (IMPRINT)
Place of publication, distribution, etc. New York :
Name of publisher, distributor, etc. Routledge,
Date of publication, distribution, etc. ©2025.
300 ## - PHYSICAL DESCRIPTION
Extent xi, 331 pages :
Other physical details illustrations ;
Dimensions 22 cm.
500 ## - GENERAL NOTE
General note Includes appendices and index.
650 #0 - SUBJECT ADDED ENTRY--TOPICAL TERM
Topical term or geographic name as entry element Appropriation (Arts)
General subdivision Methodology.
9 (RLIN) 68405
650 #0 - SUBJECT ADDED ENTRY--TOPICAL TERM
Topical term or geographic name as entry element Remixes
General subdivision Production and direction.
9 (RLIN) 68406
942 ## - ADDED ENTRY ELEMENTS (KOHA)
Source of classification or shelving scheme Dewey Decimal Classification
Koha item type Circulation
Holdings
Withdrawn status Lost status Source of classification or shelving scheme Damaged status Not for loan Collection code Home library Current library Date acquired Source of acquisition Cost, normal purchase price Total Checkouts Full call number Barcode Date last seen Price effective from Koha item type
    Dewey Decimal Classification     Circulation UM Digos College - LIC UM Digos College - LIC 08/11/2025 Purchased 5131.00   DC 702.81 N228 2025 28899 10/03/2025 10/03/2025 Circulation